00374nam a22001457a 4500003000400000008004100004020001800045082001400063100002700077245004500104250001300149260004400162300001100206650001100217OSt241023b |||||||| |||| 00| 0 eng d a9788192300825 a746.4 BNR aB.N. Sales Corporation aRomantic paisley: Ethnic paisley designs a1st. ed. aMumbai,bB.N. Sales Corporation,c2015, a108 p. aB.FAD.